000 00409pab a2200133 454500
008 180718b xxu||||| |||| 00| 0 eng d
100 _aKimball Miles S.
245 _aLabor market dynamics when unemployment is a worker discipline device
362 _a84(4), Sep 1994, p.1045-059
650 _a Unemployment -- U.S.A.
650 _aLabour Market -- U.S.A.
773 _aAmerican Economic Review
909 _a27914
999 _c27914
_d27914